Quizzes
Events
Quiz Creation
Community
Videos
Private Events
Remove Ads
Sign In
Join for FREE
Feedback
Dark Mode
Quiz Categories
Sports
Geography
Music
Movies
Television
Just For Fun
Miscellaneous
History
Literature
Language
Science
Gaming
Entertainment
Religion
Holiday
For Kids
Quiz Lab
Recent
Popular Today
Quiz Kudos Today
Editor Picks
Curator Picks
Quizzes by...
Day
Popularity
Type
Ratings
Length
Year
Community
Subscriptions
Recent Discussions
Orange Saloon
Badges
Playlists
Quests
Create
Leaderboards
Showdown
Live 5
Trivia Bingo
Activity
Puzzle Library
Sporcle Events
Private Events
Virtual Trivia
Globe League
Become a Host
Pub Owners
SporcleCon
Opinionation
Our Games
Videos
Blog
Mobile Apps
Partnerships
Remove Ads and Go Orange
Feedback
Science
Computer
Plants
Astronomy
Chemistry
Elements
Math
Animal
Physics
Anatomy
Biology
Geology
General Science
Science
Computer
Plants
Astronomy
Chemistry
Elements
Math
Animal
Physics
Anatomy
Biology
Geology
General Science
Random Quiz
Search Sporcle
×
Quiz Lab
Quiz Lab
Science
Numbers
Type in answers that appear in a list
Type in answers that appear in a list
Classic
Best Score? Go Orange.
Mechanics Equations Stats
Can you name the Physics Equations: Mechanics ?
By
rjmackay
20m
49 Questions
272 Plays
272 Plays
272 Plays
Comments
Comments
Give Quiz Kudos
Give Quiz Kudos
-
- Ratings
hide this ad
Forced Order
Answers have to be entered in order
Answers have to be entered in order
Replay
Link that replays current quiz
Next Quiz
Link to next quiz in quiz playlist
You Got
0%
They Got
Avg Score
60%
Avg Friend Score
Upgrade to see
Score Distribution
Jump to the score distribution portion of the page
Score
0/49
Timer
20:00
0
Plays Today
Term number
Variable
% Correct
Equation 1) Term 1
Displacement
96.7%
Equation 1) Term 2
Time taken
94.9%
Equation 2) Term 3
Velocity
90.1%
Equation 2) Term 4
Time taken
88.2%
Equation 3) Term 7
Acceleration
86%
Equation 3) Term 6
Mass
85.7%
Equation 5) Term 10
Mass
84.2%
Equation 5) Term 11
Velocity
83.1%
Equation 4) Term 8
Mass
82%
Equation 4) Term 9
Velocity
81.3%
Equation 2) Term 5
Displacement
79%
Equation 7) Term 14
Force
70.6%
Equation 7) Term 15
Distance in direction of force
69.1%
Equation 7) Term 16
Angle
65.8%
Equation 6) Term 12
Coefficient of Friction
63.2%
Equation 10) Term 23
Mass
62.9%
Equation 13) Term 34
Mass
62.1%
Equation 13) Term 35
Volume
61.8%
Equation 10) Term 25
height
60.3%
Equation 9) Term 21
Spring constant
59.9%
Equation 8) Term 18
Time taken
59.6%
Equation 8) Term 17
Work
59.2%
Equation 16) Term 40
Initial Velocity
57.7%
Equation 16) Term 41
Acceleration
57.7%
Equation 16) Term 42
Time
57.7%
Term number
Variable
% Correct
Equation 14) Term 36
Force
57.4%
Equation 14) Term 37
Area
57%
Equation 17) Term 44
Acceleration
56.6%
Equation 17) Term 43
Initial Velocity
55.9%
Equation 9) Term 22
Displacement from equilibrium Position
54.4%
Equation 18) Term 48
Acceleration
54%
Equation 18) Term 49
Time
54%
Equation 17) Term 45
Displacement
52.9%
Equation 18) Term 47
Time
52.9%
Equation 8) Term 19
Force
52.6%
Equation 12) Term 33
radius
51.8%
Equation 6) Term 13
Normal force
51.5%
Equation 18) Term 46
Initial Velocity
51.5%
Equation 12) Term 31
large mass
49.6%
Equation 12) Term 32
small mass
49.6%
Equation 12) Term 30
gravitational constant
47.1%
Equation 10) Term 24
acceleration due to gravity
46.3%
Equation 8) Term 20
Velocity
45.2%
Equation 11) Term 27
mass 1
38.6%
Equation 11) Term 29
radius
38.6%
Equation 11) Term 28
mass 2
38.2%
Equation 11) Term 26
gravitational constant
36.8%
Equation 15) Term 39
distance
29%
Equation 15) Term 38
Potential energy
24.3%
Quiz Playlist
Details
Report
Send in Message
Add To Playlist
Classic:
Type in answers that appear in a list
Forced Order:
Answers have to be entered in order
Last Updated: Feb 16, 2017
Quiz Scoreboard
CHALLENGE
Sign Up to Join the Scoreboard
Show All
Scores
Hide
Comments
May contain spoilers
Recently Published
Movies - When Are They Set?
by FPL_Elf
Movies
5m
Popular People in 1961
by mucciniale
History
6m
1-10 Letter E Words III
by El_Dandy
Language
2m
More to Explore
Quiz From the Vault
Featured Blog Post
Where Did the Easter Bunny Come From?
hide this ad
You Might Also Like...
Tags
Numbers Quiz
Physics Quiz
Equation
mechanic
Symbol
Term
Variable
Today's Top Quizzes in Science
Browse Science
hide this ad
Today's Top Quizzes in Numbers
Browse Numbers
Top Contributed Quizzes in Science
1
Quick Pick: 'CI-CJ' Animals
2
One Thing in Common: Science
3
One Thing in Common: Science III
4
Elements In Images
5
Quick Pick: Radians
6
Sporcle Puzzle Hunt: Science
7
Square Numbers Scrambled (1-50)
8
One Thing in Common: Science II
9
Glycolysis
10
1 to 50
Explore More
Trending Topics
Harry Potter
Disney
Kpop
Marvel
Anime
NBA
Crossword
The Office
Puzzle
Pokémon
Soccer
Song
NFL
WWE
Country
hide this ad
More By:
rjmackay
Quiz
Plays
Rating
Category
Featured
Created
Mechanics Equations
272
2.40
Science
Jul 30, 2010
Go to Creator's Profile
Score Distribution
Quiz Creator Spotlight
rjmackay
Follow
Send a Message
Quizzes Created
-
Created Quiz Play Count
-
More By This Creator
Popular Quizzes Today
1
Find the Countries of Europe - No Outlines Minefield
2
Find the US States - No Outlines Minefield
3
The Countries of the World
4
Popular People in 1961
5
US States
6
1-10 Letter E Words III
7
Find the US States
8
One Thing in Common: World Cities II
More Science Quizzes
5 Science Fivesomes
Published
Trending Quizzes
Risky Map Clicking: Least Populous States A-Z
1-10 Letter F Words
Humor Books: The Subtitles
1-10 Letter G Words
One Thing in Common: United Kingdom
Recently Updated
Leaping Animals
pecheneg
Reality TV Shows (A-Z)
bhenderson79
Rickey Henderson's Hall of Fame Teammates
pecheneg
Champions League XIs: Arsenal
pecheneg
Quick Pick: Celebrities in WWE's Hall of Fame
aduchscher
A-Z Keypad Blitz II
pecheneg
Multiple Oscar Actors
pecheneg
Mystery Phrase Blitz: Oscar 'Best Actors'
pecheneg
F. Scott Fitzgerald Novels
LTH
Pick 3 Villains
ddd62291
Trending Topics
Disney
NBA
Marvel
Anime
Kpop
Harry Potter
Crossword
Soccer
Puzzle
NFL
The Office
WWE
Song
Country
Pokémon
Your Account Isn't Verified!
In order to create a playlist on Sporcle, you need to verify the email address you used during registration. Go to your
Sporcle Settings
to finish the process.
Report this User
Report this user for behavior that violates our
Community Guidelines
.
Details:
Send Report
Go to the Sporcle.com Mobile Site →
Comments